[Event "1.CLZ 24/25,Spartak Vlasim-Lysa nad Labem B"]
[Site "Vlasim"]
[Date "2025.03.02"]
[Round "9.2"]
[White "Pulpan, Jakub"]
[Black "Vojta, Jakub"]
[WhiteElo "2406"]
[BlackElo "2269"]
[Result "1/2-1/2"]
[PlyCount "207"]

1. e4 e6 2. d4 d5 3. Nd2 Nf6 4. e5 Nfd7 5. Bd3 c5 6. c3 b6 7. Ne2 Ba6 8. Bxa6
Nxa6 9. O-O Nc7 10. Nf4 Be7 11. Nf3 c4 12. g3 b5 13. a3 g6 14. h4 a5 15. Bd2
Nb6 16. h5 g5 17. Ng2 Kd7 18. Nh2 Kc6 19. Ng4 Rg8 20. Qf3 Qf8 21. N2e3 h6 22.
Kg2 Qg7 23. Nf6 Bxf6 24. exf6 Qh7 25. a4 bxa4 26. Ng4 Ne8 27. Rfe1 Nd6 28. Qd1
Kb5 29. Qe2 Rh8 30. f3 Qf5 31. Ra3 Ne8 32. Ne5 Nd6 33. b3 Ka6 34. Rea1 Rhc8 35.
bxa4 Qxf6 36. Ng4 Qg7 37. R3a2 Rab8 38. Bc1 Nd7 39. Ne3 Qf6 40. Ng4 Qg7 41. Ne3
Rb7 42. Ba3 Ne8 43. Rb2 Rxb2 44. Qxb2 Rb8 45. Qe2 Ka7 46. Ra2 Qh7 47. Nxd5 exd5
48. Qe7 Qf5 49. g4 Qe6 50. Re2 Qxe7 51. Rxe7 Nef6 52. Rxf7 Rb7 53. Bf8 Ng8 54.
Bd6 Nb6 55. Rf8 Nxa4 56. Rxg8 Nxc3 57. Rg6 Rb2+ 58. Kf1 Nb5 59. Bc5+ Kb7 60.
Ke1 c3 61. Kd1 a4 62. Rxh6 a3 63. Rb6+ Kc7 64. Rxb5 Rxb5 65. Bxa3 Rb3 66. Bc1
Kd7 67. Kc2 Rb4 68. h6 Ke6 69. Bxg5 Rb2+ 70. Kxc3 Rf2 71. f4 Rg2 72. h7 Rh2 73.
f5+ Kf7 74. Bf4 Rxh7 75. Be5 Rh1 76. g5 Rg1 77. g6+ Kg8 78. Kb4 Rg5 79. Kc5
Rxf5 80. Kxd5 Rg5 81. g7 Kf7 82. Kd6 Rg6+ 83. Kd7 Rg5 84. Kd6 Rg6+ 85. Kd5 Rg4
86. Kc5 Rg5 87. Kc4 Ke6 88. Kd3 Kf5 89. Kc3 Ke6 90. Kb4 Kd5 91. Ka5 Ke6 92. Ka6
Kf7 93. Kb7 Ke6 94. Kc8 Kf7 95. Kd7 Rh5 96. Kd6 Rh6+ 97. Kd5 Rh4 98. Bf6 Rh1
99. Kd6 Rg1 100. Be5 Rg6+ 101. Kd5 Rg5 102. Kc4 Ke6 103. Kd3 Kf5 104. Kc4
 1/2-1/2

[Event "1.CLZ 24/25,Spartak Vlasim-Lysa nad Labem B"]
[Site "Vlasim"]
[Date "2025.03.02"]
[Round "9.3"]
[White "Mejzlik, Ondrej"]
[Black "Balacek, Tadeas"]
[WhiteElo "2212"]
[BlackElo "2352"]
[Result "0-1"]
[PlyCount "208"]

1. c4 e5 2. g3 Nf6 3. Bg2 d5 4. cxd5 Nxd5 5. Nc3 Nb6 6. Nf3 Nc6 7. O-O Be7 8.
d3 O-O 9. a3 Re8 10. b4 Bf8 11. Bb2 a5 12. b5 Nd4 13. e3 Nxf3+ 14. Bxf3 a4 15.
Qc2 Ra5 16. Rac1 Bd6 17. Rfd1 Qe7 18. Ra1 f5 19. Nd5 Nxd5 20. Bxd5+ Kh8 21. Bc3
Rxb5 22. Bc4 Rb6 23. Qxa4 Bd7 24. Qc2 Ra8 25. a4 Bb4 26. a5 Bxc3 27. Qxc3 Rd6
28. Qb4 Bc6 29. Qc5 Bf3 30. Rdc1 Re8 31. Bb5 c6 32. Bc4 Qd7 33. d4 exd4 34.
exd4 Rxd4 35. Re1 Rde4 36. Bf1 h6 37. Rec1 R4e5 38. Qa7 Qc8 39. a6 bxa6 40.
Qxa6 Qe6 41. Qa3 Bd5 42. Qc3 Re4 43. Bd3 Re5 44. Ra7 f4 45. Bf1 Qg4 46. Ra4 Rf5
47. Qd3 Ref8 48. h3 Qg5 49. g4 Re5 50. Rca1 h5 51. Ra8 Ree8 52. Rxe8 Rxe8 53.
Qf5 Qxf5 54. gxf5 Kg8 55. Ra4 Re4 56. Ra8+ Kf7 57. f3 Re3 58. Bg2 Kf6 59. Rf8+
Kg5 60. Kf2 Ra3 61. Rh8 Ra2+ 62. Kg1 Ra1+ 63. Kf2 Ra2+ 64. Kg1 Ra7 65. Kf2 Rb7
66. Kg1 Rf7 67. Kf2 Rxf5 68. Re8 Rf7 69. Re5+ Kh6 70. Bf1 Ra7 71. Bd3 Ra2+ 72.
Kf1 Ra3 73. Ke2 Bxf3+ 74. Kxf3 Rxd3+ 75. Kxf4 Rxh3 76. Re6+ g6 77. Rxc6 Rh4+
78. Kg3 Ra4 79. Rc5 Ra6 80. Rc3 g5 81. Kh3 Rb6 82. Ra3 Kg6 83. Rc3 Ra6 84. Rb3
h4 85. Rc3 Kh5 86. Rc2 Ra3+ 87. Kh2 Rf3 88. Kg2 Rf5 89. Rc4 Ra5 90. Rc2 g4 91.
Kh2 h3 92. Rc8 Ra2+ 93. Kh1 Kh4 94. Rc4 Re2 95. Rb4 Kg3 96. Rb3+ Kf4 97. Rb4+
Re4 98. Rb1 g3 99. Rf1+ Kg4 100. Ra1 Rf4 101. Rb1 Rf1+ 102. Rxf1 g2+ 103. Kg1
Kg3 104. Rf7 h2# 0-1

[Event "1.CLZ 24/25,Spartak Vlasim-Lysa nad Labem B"]
[Site "Vlasim"]
[Date "2025.03.02"]
[Round "9.4"]
[White "Cerveny, Martin"]
[Black "Vorisek, Jaroslav"]
[WhiteElo "2313"]
[BlackElo "2228"]
[Result "1-0"]
[PlyCount "59"]

1. d4 f5 2. e4 fxe4 3. Nc3 Nf6 4. Bg5 g6 5. f3 d5 6. fxe4 Nxe4 7. Nxe4 dxe4 8.
Bc4 Nc6 9. d5 Ne5 10. Bb3 Bg7 11. Ne2 Qd6 12. Qd2 O-O 13. Nc3 Nf7 14. O-O Bf5
15. Bf4 Qb4 16. Rad1 Nd6 17. a3 Qb6+ 18. Be3 Qa6 19. h3 Nc4 20. d6 Be6 21. Bxc4
Bxc4 22. Rxf8+ Bxf8 23. dxc7 Rc8 24. Qd8 b5 25. Nd5 Bxd5 26. Qxd5+ e6 27. Qd7
e5 28. Rf1 Qb7 29. Qf7+ Kh8 30. Qxf8+ 1-0

[Event "1.CLZ 24/25,Spartak Vlasim-Lysa nad Labem B"]
[Site "Vlasim"]
[Date "2025.03.02"]
[Round "9.5"]
[White "Pychova, Nela"]
[Black "Suran, Jan"]
[WhiteElo "2104"]
[BlackElo "2371"]
[Result "1/2-1/2"]
[PlyCount "175"]

1. c4 e6 2. Nf3 d5 3. b3 d4 4. Bb2 c5 5. b4 Nf6 6. g3 Bd6 7. Bg2 O-O 8. O-O Re8
9. d3 e5 10. bxc5 Bxc5 11. Nfd2 Nc6 12. Nb3 Bf8 13. a4 Bf5 14. a5 Qd7 15. Ba3
e4 16. Bxf8 Kxf8 17. Nc5 Qe7 18. Nxe4 Nxe4 19. dxe4 Bxe4 20. Bxe4 Qxe4 21. Ra2
Ne5 22. Nd2 Qc6 23. Qb3 Rad8 24. Rb1 d3 25. e4 Rd7 26. Qb5 Qc7 27. Rab2 Rc8 28.
Kg2 Qd6 29. Qa4 Rcc7 30. Rb5 Qd4 31. Qa3+ Ke8 32. R5b4 g5 33. h3 g4 34. hxg4
Nxg4 35. Rf1 Rc6 36. Qb2 Qxb2 37. Rxb2 Rc5 38. Rh1 f6 39. Ra1 Ne5 40. Ra4 Rdc7
41. Rbb4 a6 42. Ra3 Nxc4 43. Nxc4 Rxc4 44. Rxc4 Rxc4 45. Rxd3 Rxe4 46. Rb3 Re7
47. f4 Rc7 48. Kf3 h5 49. Ke4 Ke7 50. Kf5 Kf7 51. Ke4 Kg6 52. Rb4 Rc5 53. Rxb7
Rxa5 54. Rb8 Ra4+ 55. Kf3 Ra3+ 56. Kg2 Kf5 57. Rh8 Kg6 58. Rg8+ Kh7 59. Rf8 Kg7
60. Rc8 a5 61. Ra8 a4 62. Ra7+ Kg6 63. Ra8 Ra1 64. Rg8+ Kh7 65. Ra8 a3 66. Ra7+
Kg6 67. Ra5 Kh6 68. Ra6 Kg7 69. Ra7+ Kg6 70. Ra5 f5 71. Ra6+ Kg7 72. Ra7+ Kf6
73. Ra6+ Ke7 74. Ra5 Ke6 75. Re5+ Kf6 76. Ra5 Kg6 77. Ra6+ Kf7 78. Ra5 Kf6 79.
Ra6+ Ke7 80. Ra5 a2 81. Ra6 Kd7 82. Ra7+ Kc6 83. Ra6+ Kd5 84. Ra4 Kc5 85. Ra8
Kb6 86. Ra3 Kb7 87. Ra5 Kc6 88. Ra8 1/2-1/2

[Event "1.CLZ 24/25,Spartak Vlasim-Lysa nad Labem B"]
[Site "Vlasim"]
[Date "2025.03.02"]
[Round "9.6"]
[White "Mikes, Jan"]
[Black "Vojta, Tomas"]
[WhiteElo "2361"]
[BlackElo "2326"]
[Result "0-1"]
[PlyCount "76"]

1. e4 d5 2. exd5 Qxd5 3. Nc3 Qd6 4. Nf3 Bg4 5. h3 Bh5 6. d4 Nf6 7. g4 Bg6 8.
Ne5 Nbd7 9. f4 e6 10. Qe2 O-O-O 11. Bg2 Qb6 12. h4 Bb4 13. a3 Bxc3+ 14. bxc3
Nxe5 15. fxe5 Nd5 16. h5 Nxc3 17. Qe3 Be4 18. Bxe4 Nxe4 19. Qxe4 Rxd4 20. Qe2
Rhd8 21. c3 Rd1+ 22. Qxd1 Rxd1+ 23. Kxd1 Qb3+ 24. Ke2 Qc4+ 25. Kf2 Qxg4 26. Be3
Qf5+ 27. Ke2 Qxe5 28. Kd2 Qd5+ 29. Kc2 b6 30. h6 g5 31. Rhf1 Qe4+ 32. Kd2 f5
33. Rae1 Qd5+ 34. Kc1 f4 35. Bd4 Qa2 36. Bf6 Qxa3+ 37. Kb1 Qb3+ 38. Kc1 a5 0-1

[Event "1.CLZ 24/25,Spartak Vlasim-Lysa nad Labem B"]
[Site "Vlasim"]
[Date "2025.03.02"]
[Round "9.7"]
[White "Stein, Michael"]
[Black "Spacek, Petr"]
[WhiteElo "1986"]
[BlackElo "2268"]
[Result "1/2-1/2"]
[PlyCount "34"]

1. e4 g6 2. d4 Bg7 3. Nc3 c6 4. f4 d5 5. e5 Nh6 6. Nf3 f6 7. Bd3 O-O 8. O-O Bf5
9. Ne2 Be4 10. Ng3 f5 11. Ng5 Qc8 12. c4 e6 13. b3 Re8 14. Re1 Nd7 15. Ba3 Bf8
16. Bxf8 Nxf8 17. c5 Nf7 1/2-1/2

[Event "1.CLZ 24/25,Spartak Vlasim-Lysa nad Labem B"]
[Site "Vlasim"]
[Date "2025.03.02"]
[Round "9.8"]
[White "Juptner, Jan"]
[Black "Hradecky, Ivo"]
[WhiteElo "2268"]
[BlackElo "2004"]
[Result "0-1"]
[PlyCount "98"]

1. d4 d5 2. c4 c6 3. Nf3 Nf6 4. Qb3 dxc4 5. Qxc4 Bg4 6. Nc3 Nbd7 7. Ng5 Bh5 8.
g3 e5 9. dxe5 Nxe5 10. Qb3 Qe7 11. Bh3 Nd3+ 12. Kf1 Nc5 13. Qc4 b5 14. Qd4 Rd8
15. Qe3 b4 16. Nb1 Rd1+ 17. Kg2 Rxh1 18. Kxh1 Bxe2 19. Ne6 Nxe6 20. Qxe2 Nd4
21. Qxe7+ Bxe7 22. Nd2 O-O 23. Nb3 Nxb3 24. axb3 Bc5 25. Kg2 Rd8 26. Bf4 h6 27.
Rc1 Rd5 28. Bc8 g5 29. Bb8 Ne4 30. Bb7 Rd2 31. Bxc6 Nxf2 32. Rc4 Ng4+ 33. Kf3
Nxh2+ 34. Ke4 Bb6 35. Bd5 Ng4 36. Rc8+ Kg7 37. Bc4 Bd4 38. Kf3 Nf6 39. g4 Rf2+
40. Kg3 Ne4+ 41. Kh3 h5 42. Rd8 hxg4+ 43. Kxg4 Bb6 44. Be5+ f6 45. Rd7+ Kh6 46.
Bd6 f5+ 47. Kh3 g4+ 48. Kh4 Rh2+ 49. Bxh2 Bf2+ 0-1

[Event "1.CLZ 24/25,Chess club Pisek-Lysa nad Labem B"]
[Site "Pisek"]
[Date "2025.03.23"]
[Round "10.1"]
[White "Miesbauer, Jan"]
[Black "Kraus, Tomas"]
[WhiteElo "2373"]
[BlackElo "2447"]
[Result "1/2-1/2"]
[PlyCount "39"]

1. d4 d5 2. c4 e6 3. Nf3 Nf6 4. g3 Bb4+ 5. Bd2 a5 6. Bg2 O-O 7. O-O c6 8. Qc2
Be7 9. Bf4 Nbd7 10. Rd1 Nh5 11. Bc1 b5 12. cxd5 cxd5 13. Ne5 Bb7 14. Nc6 Bxc6
15. Qxc6 b4 16. Nd2 Nhf6 17. Nf3 Rc8 18. Qb5 Qb6 19. Qd3 a4 20. Bd2 1/2-1/2

[Event "1.CLZ 24/25,Chess club Pisek-Lysa nad Labem B"]
[Site "Pisek"]
[Date "2025.03.23"]
[Round "10.2"]
[White "Balacek, Tadeas"]
[Black "Stinka, Jakub"]
[WhiteElo "2352"]
[BlackElo "2367"]
[Result "1-0"]
[PlyCount "57"]

1. d4 Nf6 2. Nf3 e6 3. c4 d5 4. Nc3 c5 5. e3 Nc6 6. a3 dxc4 7. Bxc4 a6 8. O-O
b5 9. Bd3 Bb7 10. dxc5 Bxc5 11. b4 Bd6 12. Bb2 O-O 13. Ne4 Nxe4 14. Bxe4 f5 15.
Bc2 Kh8 16. Qe2 Qe8 17. Rad1 Rd8 18. e4 Qh5 19. h3 Be5 20. Bb1 h6 21. Rfe1 Bxb2
22. Qxb2 Rxd1 23. Rxd1 Qf7 24. exf5 exf5 25. Rd6 Qh5 26. Rd7 Rf7 27. Qd2 Qg6
28. Qd5 Rxd7 29. Qxd7 1-0

[Event "1.CLZ 24/25,Chess club Pisek-Lysa nad Labem B"]
[Site "Pisek"]
[Date "2025.03.23"]
[Round "10.3"]
[White "Hak, David"]
[Black "Suran, Jan"]
[WhiteElo "2291"]
[BlackElo "2371"]
[Result "1-0"]
[PlyCount "101"]

1. e4 c5 2. Nf3 e6 3. d4 cxd4 4. Nxd4 Nf6 5. Nc3 d6 6. Be3 Be7 7. f3 Nc6 8. Qd2
O-O 9. g4 d5 10. g5 Nxd4 11. Qxd4 Nh5 12. f4 dxe4 13. Qxe4 g6 14. Bg2 f6 15.
O-O Ng7 16. Rad1 Qc7 17. Nb5 Qa5 18. gxf6 Rxf6 19. Qe5 Ne8 20. Nd6 Qxe5 21.
fxe5 Rxf1+ 22. Kxf1 Bxd6 23. exd6 Nf6 24. Bg5 Nd7 25. Kg1 Rb8 26. Bh3 Nf8 27.
d7 Bxd7 28. Rxd7 Nxd7 29. Bxe6+ Kg7 30. Bxd7 Rf8 31. Be3 Rd8 32. Bg4 b6 33. Kf2
Kf6 34. a4 Ke5 35. Bf3 Kf5 36. c4 g5 37. h3 Rd3 38. b4 Ra3 39. c5 bxc5 40. bxc5
Rxa4 41. c6 Rc4 42. Ke2 Ke6 43. Kd3 Rh4 44. Bg4+ Kd6 45. Bxg5 Rxg4 46. hxg4
Kxc6 47. Ke4 a5 48. Kf5 a4 49. Bc1 Kd5 50. g5 Kd4 51. Kf6 1-0

[Event "1.CLZ 24/25,Chess club Pisek-Lysa nad Labem B"]
[Site "Pisek"]
[Date "2025.03.23"]
[Round "10.4"]
[White "Mikes, Jan"]
[Black "Havlik, Jan"]
[WhiteElo "2361"]
[BlackElo "2350"]
[Result "1/2-1/2"]
[PlyCount "32"]

1. e4 c5 2. Nf3 Nc6 3. Bb5 g6 4. O-O Bg7 5. Re1 e5 6. Bxc6 dxc6 7. d3 Bg4 8.
Nbd2 Nf6 9. Nc4 Bxf3 10. Qxf3 Qc7 11. a3 Nd7 12. b4 O-O 13. Be3 b5 14. Nd2 cxb4
15. axb4 a5 16. bxa5 Rxa5 1/2-1/2

[Event "1.CLZ 24/25,Chess club Pisek-Lysa nad Labem B"]
[Site "Pisek"]
[Date "2025.03.23"]
[Round "10.5"]
[White "Janous, Marek"]
[Black "Spacek, Petr"]
[WhiteElo "2215"]
[BlackElo "2268"]
[Result "1/2-1/2"]
[PlyCount "117"]

1. e4 e5 2. Nf3 Nf6 3. d4 Nxe4 4. Bd3 d5 5. Nxe5 Nd7 6. O-O Nxe5 7. dxe5 Nc5 8.
Be2 Be7 9. f4 Ne4 10. Be3 f5 11. c4 Be6 12. cxd5 Qxd5 13. Qa4+ Bd7 14. Qc4 Be6
15. Qa4+ Bd7 16. Rd1 Bc5 17. Bxc5 Qxc5+ 18. Qd4 O-O-O 19. Qxc5 Nxc5 20. Nc3 Ne6
21. g3 Bc6 22. Bc4 Nd4 23. Kf2 Rhe8 24. Rd2 Ne6 25. Rxd8+ Kxd8 26. b4 b6 27.
Rd1+ Ke7 28. Bd5 Bxd5 29. Nxd5+ Kf8 30. Ne3 g6 31. b5 Nc5 32. g4 fxg4 33. Nxg4
a6 34. bxa6 Ra8 35. Nf6 Rxa6 36. Rd2 h6 37. h4 Ra4 38. Kg3 h5 39. Rd8+ Ke7 40.
Rd2 Ke6 41. Re2 Ra3+ 42. Kh2 Nd3 43. Ne8 Nxf4 44. Nxc7+ Kd7 45. Rc2 Rh3+ 46.
Kg1 Rxh4 47. Nb5 Rg4+ 48. Kh1 Ne6 49. Rd2+ Ke7 50. Nd6 Nd4 51. Nc4 Ke6 52. Rf2
Nf5 53. Nxb6 Rb4 54. Rg2 Ne7 55. Rf2 Kxe5 56. Nd7+ Ke6 57. Nf8+ Kd5 58. Rd2+
Rd4 59. Rg2 1/2-1/2

[Event "1.CLZ 24/25,Chess club Pisek-Lysa nad Labem B"]
[Site "Pisek"]
[Date "2025.03.23"]
[Round "10.6"]
[White "Neckar, Lubomir"]
[Black "Novotny, Michal"]
[WhiteElo "2222"]
[BlackElo "2208"]
[Result "0-1"]
[PlyCount "96"]

1. Nf3 Nf6 2. g3 g6 3. Bg2 Bg7 4. c4 c6 5. d4 d5 6. Qa4 O-O 7. O-O Nbd7 8. cxd5
Nb6 9. Qb3 Qxd5 10. Qe3 Qd6 11. Nc3 Be6 12. Qd3 Bc4 13. Qc2 Nfd5 14. Ne4 Qc7
15. b3 Nb4 16. Qd2 Bd5 17. Nc5 Bxf3 18. Bxf3 a5 19. Bb2 Rfd8 20. e3 Nd7 21.
Rfc1 Nxc5 22. Rxc5 Qb6 23. Rc4 e5 24. Bc3 exd4 25. exd4 Nd5 26. Bb2 Ne7 27. Be4
Rd7 28. Rd1 Re8 29. Bc3 Nd5 30. Bxa5 Qa7 31. Bxd5 Rxd5 32. Bc3 Red8 33. Ra4 Qb8
34. Qe3 h5 35. b4 h4 36. Ra5 hxg3 37. hxg3 b5 38. Qe7 Re8 39. Qh4 Qc8 40. Qh2
Qg4 41. Rc1 Rf5 42. Ra6 Qe4 43. Qg2 Qd3 44. Qxc6 Re2 45. Rf1 Rf3 46. Be1 Bxd4
47. Kh1 Kg7 48. Qd5 Re5 0-1

[Event "1.CLZ 24/25,Chess club Pisek-Lysa nad Labem B"]
[Site "Pisek"]
[Date "2025.03.23"]
[Round "10.7"]
[White "Vybiral, Zdenek"]
[Black "Topencik, Bruno"]
[WhiteElo "2182"]
[BlackElo "2133"]
[Result "1/2-1/2"]
[PlyCount "56"]

1. d4 d5 2. Nc3 Nf6 3. Bf4 c6 4. e3 Bf5 5. f3 e6 6. g4 Bg6 7. h4 h5 8. g5 Ng8
9. Qd2 Bd6 10. Nh3 Ne7 11. O-O-O a5 12. Bxd6 Qxd6 13. Qh2 Qb4 14. Nf4 a4 15. a3
Qd6 16. e4 Nd7 17. exd5 Nxd5 18. Nfxd5 Qxh2 19. Rxh2 exd5 20. Re2+ Kd8 21. Rde1
Bf5 22. Nd1 Kc7 23. Ne3 Be6 24. Ng2 Kd6 25. Nf4 Bf5 26. Kd2 b5 27. Re3 g6 28.
Ne2 Rhe8 1/2-1/2

[Event "1.CLZ 24/25,Chess club Pisek-Lysa nad Labem B"]
[Site "Pisek"]
[Date "2025.03.23"]
[Round "10.8"]
[White "Kammova, Natalie"]
[Black "Simunek, Jakub"]
[WhiteElo "1468"]
[BlackElo "2069"]
[Result "0-1"]
[PlyCount "76"]

1. d4 d5 2. Bf4 c5 3. c3 Nc6 4. e3 Qb6 5. Na3 a6 6. Qc2 Nf6 7. Nf3 Bg4 8. Be2
e6 9. O-O Rc8 10. Rfe1 cxd4 11. cxd4 Be7 12. Ng5 Bf5 13. Qb3 Qxb3 14. axb3 Na5
15. Bd1 Bb4 16. e4 Bxe1 17. exf5 h6 18. Nf3 Bb4 19. Nc2 Nc6 20. fxe6 fxe6 21.
Ne5 Be7 22. Ne3 Nxe5 23. dxe5 Ne4 24. Bg4 Kf7 25. f3 Nc5 26. Nxd5 exd5 27. Bxc8
Rxc8 28. Rc1 Rc6 29. Re1 Nd3 30. Rd1 Nxf4 31. g3 Rc1 32. Rxc1 Ne2+ 33. Kf2 Nxc1
34. f4 Ke6 35. Ke3 Nxb3 36. Kd3 Nc5+ 37. Kd4 Nb3+ 38. Kc3 Na5 0-1

[Event "1.CLZ 24/25,DP Praha-Spartak Vlasim"]
[Site "Praha"]
[Date "2025.03.23"]
[Round "10.1"]
[White "Burdalev, Kirill"]
[Black "Mladek, Richard"]
[WhiteElo "2340"]
[BlackElo "2391"]
[Result "0-1"]

1. d4 d5 2. c4 e6 3. Nc3 Nf6 4. cxd5 exd5 5. Bg5 c6 6. e3 Be6 7. Bd3 Nbd7 8.
Nge2 h6 9. Bh4 g5 10. Bg3 Nh5 11. h4 Nxg3 12. Nxg3 gxh4 13. Nf5 Bxf5 14. Bxf5
Qg5 15. Qf3 O-O-O 16. Qh3 Rg8 17. Kf1 Bb4 18. Nxd5 cxd5 19. Rc1+ Kb8 20. Bxd7
f5 21. Qxf5 Qe7 22. Ba4 Rg5 23. Qf4+ Bd6 24. Qxh4 Rdg8 25. Ke2 Qd8 26. g3 Qa5
27. Bc2 h5 28. Bd3 Qxa2 29. Rc2 a6 30. Qh3 Bxg3 31. fxg3 Rxg3 32. Qe6 Rg2+ 33.
Kf3 R2g3+ 34. Kf4 R3g4+ 35. Ke5 Qb3 36. Bf5 Qxe3+ 37. Kd6 Rd8+ 38. Ke7 Qg5+ 39.
Qf6 Re8+ 40. Kxe8 Qxf6 41. Rc8+ Ka7 42. Bxg4 hxg4 43. Rc7 Qxd4 44. Rhh7 Qxb2
45. Kd8 Qf6+ 46. Ke8 Qb6 47. Kd8 g3 48. Kc8 Qe6+ 49. Rhd7 Qg8+ 50. Rd8 Qg4+ 51.
Rdd7 Kb6 52. Rxb7+ Kc5 53. Rb1 g2 54. Rg1 Kd4 55. Kc7 Qg6 56. Re7 Kd3 57. Rd1+
Kc2 58. Ree1 d4 59. Rc1+ Kb2 60. Rcd1 d3 61. Rb1+ Kc3 62. Rec1+ Kd4 63. Rg1 Ke3
64. Rbe1+ Kf2 65. Rd1 d2 0-1

[Event "1.CLZ 24/25,DP Praha-Spartak Vlasim"]
[Site "Praha"]
[Date "2025.03.23"]
[Round "10.2"]
[White "Rydl, Jiri"]
[Black "Hrabusa, Matej"]
[WhiteElo "2393"]
[BlackElo "2369"]
[Result "1/2-1/2"]

1. c4 c6 2. Nf3 d5 3. g3 Nf6 4. Bg2 dxc4 5. O-O Nbd7 6. Na3 Nb6 7. Qc2 Be6 8.
Ng5 Bg4 9. f3 Bh5 10. Nxc4 Qd4+ 11. Ne3 e6 12. Nh3 Nfd5 13. Nf2 Be7 14. Qb3 O-O
15. Nc2 Qa4 16. e4 Qxb3 17. axb3 Nb4 18. Nxb4 Bxb4 19. d4 Rfd8 20. Be3 f6 21.
Nd3 Bf8 22. Rfd1 f5 23. Rdc1 Nd7 24. b4 Nf6 25. Nc5 fxe4 26. fxe4 Ng4 27. Bd2
Rxd4 28. Bc3 Bxc5 29. bxc5 Rc4 30. b4 Ne3 31. Bh3 Bg4 32. Bxg4 Nxg4 33. h3 Nf6
34. Bxf6 Rxc1+ 35. Rxc1 gxf6 36. Rd1 a5 37. bxa5 Rxa5 38. Rd7 Rxc5 39. Rxb7 Re5
40. Rc7 Rxe4 41. Rxc6 Kf7 42. Kf2 Ra4 43. Rc8 h5 44. Rh8 Kg6 45. h4 Ra2+ 46.
Kf3 Ra3+ 47. Kf2 e5 48. Kg2 Kf5 49. Rh6 e4 50. Kh3 e3 51. Kg2 e2 52. Kf2 Re3
53. Ke1 Re6 54. Rxh5+ Kg4 55. Ra5 Kxg3 56. h5 Kg4 57. h6 f5 58. h7 Rh6 59. Kxe2
Rxh7 60. Ra3 Rh2+ 61. Kf1 f4 62. Rb3 Ra2 63. Rc3 Ra1+ 64. Kf2 Ra2+ 65. Kf1
 1/2-1/2

[Event "1.CLZ 24/25,DP Praha-Spartak Vlasim"]
[Site "Praha"]
[Date "2025.03.23"]
[Round "10.3"]
[White "Plischki, Sebastian"]
[Black "Vojta, Jakub"]
[WhiteElo "2311"]
[BlackElo "2269"]
[Result "0-1"]

1. Nf3 Nf6 2. c4 e6 3. g3 d5 4. Bg2 d4 5. O-O Nc6 6. d3 Bc5 7. Na3 O-O 8. Nc2
a5 9. b3 e5 10. a3 Re8 11. Rb1 h6 12. b4 axb4 13. axb4 Bf8 14. b5 Nb8 15. e3
dxe3 16. Nxe3 Bc5 17. Bb2 Ng4 18. Nxg4 Bxg4 19. h3 Bxf3 20. Qxf3 Ra2 21. Qxb7
Qxd3 22. Qxc7 Bxf2+ 23. Rxf2 Qxb1+ 24. Rf1 Qg6 25. Bxe5 Rxg2+ 26. Kxg2 Qe4+ 27.
Rf3 Qxe5 28. Qxf7+ Kh8 29. h4 Rd8 30. Kh3 Qc5 31. Rf1 Qc8+ 32. Kg2 Nd7 33. Rd1
Ne5 34. Rxd8+ Qxd8 35. Qd5 Qxd5+ 36. cxd5 Kg8 37. b6 Kf7 38. b7 Nd7 39. Kf3 Kf6
40. Kf4 g6 41. g4 g5+ 42. hxg5+ hxg5+ 43. Ke3 Ke5 44. d6 Kd5 45. Kf3 Ke5 0-1

[Event "1.CLZ 24/25,DP Praha-Spartak Vlasim"]
[Site "Praha"]
[Date "2025.03.23"]
[Round "10.4"]
[White "Mejzlik, Ondrej"]
[Black "Pachmann, Ales"]
[WhiteElo "2212"]
[BlackElo "2276"]
[Result "0-1"]

1. c4 Nf6 2. g3 g6 3. Bg2 Bg7 4. e4 O-O 5. Ne2 c5 6. O-O Nc6 7. f4 e6 8. Nbc3
Nd4 9. d3 Rb8 10. h3 a6 11. Be3 Ne8 12. Bf2 d6 13. g4 b5 14. Qd2 Qa5 15. Nxd4
cxd4 16. Nb1 Qb6 17. Na3 Bd7 18. Rab1 f5 19. b4 e5 20. exf5 gxf5 21. Bh4 Kh8
22. g5 exf4 23. Qxf4 Be5 24. Qf3 Ng7 25. Rf2 f4 26. g6 hxg6 27. Be7 Rf7 28. c5
dxc5 29. Bxc5 Qf6 30. Re1 Nf5 31. Qe4 Ne3 32. Bf3 Bf5 33. Qc6 Qg5+ 34. Kh1 Rf6
35. Be7 Rxc6 36. Bxg5 Rc3 37. Nb1 Rc7 38. Be4 Bxe4+ 39. dxe4 Rbc8 40. Nd2 Rc1
41. Rg1 Rxg1+ 42. Kxg1 Rc1+ 43. Nf1 d3 0-1

[Event "1.CLZ 24/25,DP Praha-Spartak Vlasim"]
[Site "Praha"]
[Date "2025.03.23"]
[Round "10.5"]
[White "Fedorov, Evgenii"]
[Black "Pychova, Nela"]
[WhiteElo "2239"]
[BlackElo "2104"]
[Result "1/2-1/2"]

1. e4 c5 2. Nf3 Nc6 3. d4 cxd4 4. Nxd4 g6 5. c4 Bg7 6. Be3 d6 7. Nc3 Nf6 8. Be2
O-O 9. O-O Bd7 10. h3 Nxd4 11. Bxd4 Bc6 12. Qc2 a5 13. Rad1 Nd7 14. Bxg7 Kxg7
15. Bg4 Ne5 16. c5 Nxg4 17. hxg4 Qc8 18. cxd6 exd6 19. f3 Rd8 20. Rd4 Qe6 21.
Rfd1 b5 22. Ne2 Ra6 23. a3 Bb7 24. Qd3 Qe5 25. Qe3 Re8 26. Qf4 d5 27. Qxe5+
Rxe5 28. f4 Rxe4 29. Nc3 Rxd4 30. Rxd4 Rb6 31. b4 axb4 32. Rxb4 Rc6 33. Nxb5
Rc1+ 34. Kh2 Bc8 35. Kg3 Bd7 36. a4 Ra1 37. g5 Bc6 38. Kh3 Rh1+ 39. Kg3 Ra1 40.
Kf2 d4 41. Rxd4 Ra2+ 42. Ke3 Bxg2 43. Nc3 Ra1 44. Rd7 Bc6 45. Rc7 Bxa4 46. Ra7
Ra3 47. Kd4 Rxc3 48. Kxc3 Bd1 49. Kd4 Bg4 50. Ke5 Bf5 51. Ra6 Bd3 52. Rc6 Bf5
53. Kd6 Be6 54. Ke7 Bd5 55. Rd6 Bc4 56. Rf6 Bb3 57. Rb6 Ba2 58. Kd6 Bc4 59. Kc5
Ba2 60. Ra6 Bb3 61. Kd4 1/2-1/2

[Event "1.CLZ 24/25,DP Praha-Spartak Vlasim"]
[Site "Praha"]
[Date "2025.03.23"]
[Round "10.6"]
[White "Vojta, Tomas"]
[Black "Martirosyan, Ara"]
[WhiteElo "2326"]
[BlackElo "1941"]
[Result "1-0"]

1. e4 c5 2. f4 Nc6 3. Nf3 g6 4. Bb5 Bg7 5. O-O e6 6. Bxc6 bxc6 7. e5 Ne7 8. d3
d5 9. exd6 Qxd6 10. Nc3 Ba6 11. Qe2 Nf5 12. Ne4 Qd5 13. c4 Nd4 14. Nxd4 Qxd4+
15. Be3 Qxb2 16. Qxb2 Bxb2 17. Rab1 Bd4 18. Kf2 O-O 19. Nxc5 Bxc5 20. Bxc5 Rfd8
21. Ke3 Rd7 22. Rb3 Re8 23. Ra3 Bc8 24. Rxa7 Rxa7 25. Bxa7 e5 26. Rb1 exf4+ 27.
Kxf4 Bf5 28. Rb3 Re2 29. g4 Be6 30. Rb8+ Kg7 31. g5 h6 32. Bd4+ f6 33. Bxf6+
Kf7 34. Rb7+ Kg8 35. gxh6 Rf2+ 36. Ke5 1-0

[Event "1.CLZ 24/25,DP Praha-Spartak Vlasim"]
[Site "Praha"]
[Date "2025.03.23"]
[Round "10.7"]
[White "Tuma, Jakub"]
[Black "Krizek, Krystof"]
[WhiteElo "2184"]
[BlackElo "1992"]
[Result "0-1"]

1. e4 g6 2. d4 Bg7 3. Nc3 a6 4. Be3 b5 5. Qd2 Bb7 6. f3 d6 7. h4 h5 8. Nh3 Nd7
9. Ng5 Ngf6 10. O-O-O e6 11. Qf2 Qe7 12. g3 Nb6 13. Kb1 Nfd7 14. Bh3 d5 15.
Rhe1 O-O-O 16. Bc1 Rhf8 17. Ne2 Kb8 18. Nf4 Qb4 19. a3 Qa5 20. Bd2 Qa4 21. Bb4
Nc4 22. Nd3 c5 23. b3 Nxa3+ 24. Ka2 Qxb4 25. Nxb4 cxb4 26. Qd2 a5 27. Bxe6 fxe6
28. Nxe6 Rc8 29. Nxf8 Nxf8 30. Rc1 dxe4 31. fxe4 Ne6 32. d5 Bc3 33. Qe3 Nd4 34.
Re2 a4 35. Rg2 Naxc2 36. Qf4+ Ka8 37. bxa4 b3+ 0-1

[Event "1.CLZ 24/25,DP Praha-Spartak Vlasim"]
[Site "Praha"]
[Date "2025.03.23"]
[Round "10.8"]
[White "Stein, Michael"]
[Black "Hajiyev, Kanan"]
[WhiteElo "1986"]
[BlackElo "2159"]
[Result "0-1"]

1. e4 c6 2. d4 d5 3. e5 Bf5 4. h4 h5 5. Bd3 Bxd3 6. Qxd3 e6 7. Bg5 Qa5+ 8. Nd2
c5 9. c4 dxc4 10. Qxc4 Nc6 11. Ngf3 Nge7 12. O-O cxd4 13. Nb3 Qd5 14. Qxd5 Nxd5
15. Nbxd4 Nxd4 16. Nxd4 Bc5 17. Nf3 O-O 18. Rac1 Rfc8 19. a3 a5 20. Rc2 Rc6 21.
Rfc1 Rac8 22. Kf1 Kh7 23. Bd2 a4 24. Rc4 Nb6 25. Rf4 Kg6 26. Ng5 f6 27. exf6 e5
28. Rf3 gxf6 29. Ne4 Be7 30. Bc3 Nc4 31. Rd1 Nd6 32. Nxd6 Bxd6 33. Be1 e4 34.
Re3 f5 35. Rc3 Be5 36. Rxc6+ Rxc6 37. Rd7 Bxb2 38. Rxb7 Bxa3 39. Ra7 Rc4 40.
Ra6+ Kf7 41. Ke2 Bb2 42. Bd2 Be5 43. Ra5 Ke6 44. Ra6+ Kd7 45. Ra5 Bc7 46. Rxf5
a3 47. Bh6 Ke6 48. Rf8 Rc2+ 49. Ke3 Be5 50. Re8+ Kf5 51. Rf8+ Kg6 52. Kxe4 a2
53. Ra8 a1=Q 54. Rxa1 Bxa1 55. Be3 Rc4+ 0-1

[Event "1.CLZ 24/25,TJ Neratovice-Ricany 1925"]
[Site "Neratovice"]
[Date "2025.03.23"]
[Round "10.1"]
[White "Cheraghi, Amin"]
[Black "Seidl, Jan"]
[WhiteElo "2354"]
[BlackElo "2292"]
[Result "1/2-1/2"]
[PlyCount "34"]

1. d4 Nf6 2. Nf3 d5 3. c3 c6 4. Qc2 g6 5. Bf4 Bf5 6. Qb3 Qb6 7. Nbd2 Bg7 8. e3
Nbd7 9. h3 h6 10. Ne5 g5 11. Bh2 Nxe5 12. Bxe5 O-O 13. Be2 Ne4 14. Bxg7 Kxg7
15. Nxe4 Bxe4 16. O-O Rad8 17. f3 Bg6 1/2-1/2

[Event "1.CLZ 24/25,TJ Neratovice-Ricany 1925"]
[Site "Neratovice"]
[Date "2025.03.23"]
[Round "10.2"]
[White "Prazak, Daniel"]
[Black "Kawulok, Marek"]
[WhiteElo "2336"]
[BlackElo "2217"]
[Result "1/2-1/2"]
[PlyCount "91"]

1. e4 c5 2. Nf3 Nc6 3. Bb5 e5 4. O-O Bd6 5. Re1 a6 6. Bf1 Nge7 7. c3 O-O 8. d4
cxd4 9. cxd4 exd4 10. Nxd4 Nxd4 11. Qxd4 Qc7 12. g3 Be5 13. Qd3 d5 14. exd5 Rd8
15. Bg2 Nxd5 16. Qe4 Nf6 17. Qe2 Bg4 18. Qf1 Rac8 19. Nc3 Bxc3 20. Bf4 Qd7 21.
bxc3 Rxc3 22. Be5 Rc2 23. Rec1 Rdc8 24. Rxc2 Rxc2 25. h3 Be2 26. Qb1 Qd2 27.
Qxb7 Bb5 28. Qb6 Rxa2 29. Rxa2 Qxa2 30. Bxf6 gxf6 31. Qxf6 Qb1+ 32. Kh2 Qg6 33.
Qf4 Bd3 34. Bd5 h6 35. Kg2 Qf5 36. Qd4 Bb1 37. g4 Qd3 38. Qe5 Qg6 39. f4 Qc2+
40. Kg3 Qd3+ 41. Kh4 Qg6 42. f5 Qg5+ 43. Kg3 Qd8 44. h4 a5 45. Kf4 Ba2 46. Bxa2
 1/2-1/2